Départements et supercentenaires depuis 1855 - Statistiques

Statistiques générales
  • Ce quiz a été pris 4 fois
  • Le résultat moyen est 8 sur 102
Statistiques - réponses
Rang en supercentenaires
Nombre de
supercentenaires
Réponse
Rang du département
en population
% Correct
FRANCE 1 33 75 | Paris 3
100%
FRANCE 68 2 01 | Ain 35
33%
FRANCE 83 1 04 | Alpes-de-Haute-Provence 86
33%
FRANCE 50 3 05 | Hautes-Alpes 89
33%
FRANCE 50 3 06 | Alpes-maritimes 18
33%
FRANCE 50 3 07 | Ardèche 65
33%
FRANCE 68 2 08 | Ardennes 74
33%
FRANCE 68 2 09 | Ariège 87
33%
FRANCE 68 2 10 | Aube 68
33%
FRANCE 11 7 11 | Aude 56
33%
FRANCE 50 3 12 | Aveyron 72
33%
FRANCE 50 3 14 | Calvados 31
33%
FRANCE 50 3 15 | Cantal 88
33%
FRANCE 83 1 17 | Charente-Maritime 37
33%
FRANCE 26 5 18 | Cher 70
33%
FRANCE 50 3 19 | Corrèze 77
33%
FRANCE 17 6 21 | Côte d'or 45
33%
FRANCE 5 11 44 | Loire-Atlantique 9
33%
FRANCE 4 16 59 | Nord 2
33%
FRANCE 10 8 69 | Rhône 1
33%
FRANCE 5 11 76 | Seine-Maritime 15
33%
FRANCE 2 18 971 | Guadeloupe 55
33%
FRANCE 2 18 972 | Martinique 59
33%
FRANCE 11 7 02 | Aisne 46
0%
FRANCE 38 4 03 | Allier 63
0%
FRANCE 11 7 13 | Bouches-du-Rhône 4
0%
FRANCE 38 4 16 | Charente 61
0%
FRANCE 26 5 20 | Corse 62
0%
FRANCE 38 4 22 | Cotes d'Armor 39
0%
FRANCE 38 4 23 | Creuse 90
0%
FRANCE 17 6 24 | Dordogne 53
0%
FRANCE 9 10 25 | Doubs 44
0%
FRANCE 38 4 26 | Drôme 47
0%
FRANCE 68 2 27 | Eure 40
0%
FRANCE 50 3 28 | Eure-et-Loir 51
0%
FRANCE 68 2 29 | Finistère 22
0%
FRANCE 50 3 30 | Gard 29
0%
FRANCE 50 3 31 | Haute-Garonne 11
0%
FRANCE 50 3 32 | Gers 82
0%
FRANCE 11 7 33 | Gironde 6
0%
FRANCE 26 5 34 | Hérault 16
0%
FRANCE 17 6 35 | Ille-et-Vilaine 19
0%
FRANCE 17 6 36 | Indre 80
0%
FRANCE 50 3 37 | Indre-et-Loire 38
0%
FRANCE 26 5 38 | Isère 13
0%
FRANCE 38 4 39 | Jura 76
0%
FRANCE 17 6 40 Landes 52
0%
FRANCE 68 2 41 | Loir-et-Cher 67
0%
FRANCE 50 3 42 | Loire 26
0%
FRANCE 11 7 43 | Haute-Loire 79
0%
FRANCE 11 7 45 | Loiret 34
0%
FRANCE 68 2 46 | Lot 84
0%
FRANCE 50 3 47 | Lot-et-Garonne 66
0%
FRANCE 68 2 48 | Lozère 91
0%
FRANCE 7 10 49 | Maine-et-Loire 25
0%
FRANCE 68 2 50 | Manche 48
0%
FRANCE 26 5 51 | Marne 42
0%
FRANCE 38 4 52 | Haute-Marne 85
0%
FRANCE 38 4 53 | Mayenne 69
0%
FRANCE 83 1 54 | Meurthe-et-Moselle 30
0%
FRANCE 50 3 55 | Meuse 83
0%
FRANCE 38 4 56 | Morbihan 27
0%
FRANCE 68 2 57 | Moselle 21
0%
FRANCE 83 1 58 | Nièvre 81
0%
FRANCE 17 6 60 | Oise 24
0%
FRANCE 38 4 61 | Orne 73
0%
FRANCE 7 10 62 | Pas-de-Calais 8
0%
FRANCE 26 5 63 | Puy-de-Dôme 36
0%
FRANCE 26 5 64 | Pyrénées-Atlantiques 33
0%
FRANCE 83 1 66 | Pyrénées-Orientales 49
0%
FRANCE 38 4 67 | Bas-Rhin 17
0%
FRANCE 50 3 68 | Haut-Rhin 28
0%
FRANCE 83 1 70 | Haute-Saône 78
0%
FRANCE 50 3 71 | Saône-et-Loire 43
0%
FRANCE 17 6 72 | Sarthe 41
0%
FRANCE 26 5 77 | Seine-et-Marne 10
0%
FRANCE 68 2 79 | Deux-Sèvres 57
0%
FRANCE 17 6 81 | Tarn 54
0%
FRANCE 68 2 82 | Tarn-et-Garonne 75
0%
FRANCE 83 1 83 | Var 20
0%
FRANCE 17 6 85 | Vendée 32
0%
FRANCE 26 5 86 | Vienne 50
0%
FRANCE 26 5 87 | Haute-Vienne 58
0%
FRANCE 50 3 88 | Vosges 60
0%
FRANCE 26 5 89 | Yonne 64
0%
FRANCE 38 4 92 | Hauts-de-Seine 7
0%
FRANCE 26 5 93 | Seine-Saint-Denis 5
0%
FRANCE 68 2 94 | Val-de-Marne 12
0%
FRANCE 68 2 95 | Val-d'Oise 14
0%
FRANCE 83 1 973 | Guyane 71
0%
FRANCE 83 1 974 | Réunion 23
0%
FRANCE Outre-mer 1 977 | St Barthélémy
0%
FRANCE Outre-mer 1 988 | Nouvelle-Calédonie
0%
Monde / Afrique 13 Algérie
0%
Monde / Amérique 1 Argentine
0%
Monde / Europe 2 Autriche
0%
Monde / Europe 2 Belgique
0%
Monde / Europe 5 Espagne
0%
Monde / Europe 11 Italie
0%
Monde / Europe 2 Suisse
0%
Monde / Asie 1 Syrie
0%
Monde / Europe 1 Ukraine
0%
Aucun quiz correspondant
Distribution des résultats
% des personnes avec chaque résultat
Percentile par nombre de réponses
Votre historique - résultats
Vous n’avez pas pris ce quiz